| 000 | 00343nam a22001217a 4500 | ||
|---|---|---|---|
| 082 |
_a657 _bFIN/B |
||
| 100 | _aFINANCIAL TRAINING | ||
| 245 |
_aMONETARY ECONOMICS _bBANKING DIPLOMA STAGE 2 PART A |
||
| 250 | _aSECOND EDITION | ||
| 260 |
_aGREAT BRITAIN _bFINANCIAL TRAINING PUBLICATIONS _c1983 |
||
| 650 |
_aBANKERS STUDY PACK _zINDIA |
||
| 942 | _cBK | ||
| 999 |
_c1704 _d1704 |
||